00456 a2200109 4500082001000000100002100010245010700031260008100138300003500219500003500254856005700289 aMIT-1 aAqeel Ahmed Awan aDesign of Layer Architecture for Multi Services Networks and its Utilization in EnumcAqeel Ahmed Awan aIslamabad,bNUST School of Electrical Engineering & Computer Science,c2004. a xiv, 71 p. :b ill. ;c27 cm. aSupervisor : Mr. Nadeem Ahmad. uhttp://10.250.8.41:8080/xmlui/handle/123456789/31853